000 00612nam a22001817a 4500
003 UA-OsUOA
001 16073
007 ta
008 20031218b un ||||| |||| 00| 0 ukr d
100 _aТубіна С.
942 _cSA
040 _aUA-OsUOA
_cUA-OsUOA
_dUA-OsUOA
245 _aВ селі справжня господиня
_b[Про голову сільради с.Миляч Дубровиц. р-ну В.Резанович]
300 _aС.2
955 _a0
773 0 _w0
_tВісті Рівненщини
_dРівне
_d2003
_g№101/102/5 груд./
650 7 _aКраєзнавча робота
_2UDC
999 _c302238
_d302238